| 000 | 00958nam a2200301 4500 | ||
|---|---|---|---|
| 001 | 0000013969 | ||
| 003 | CO-CtgCURN | ||
| 005 | 20250828152809.0 | ||
| 008 | 160627s1990 000 0 eng d | ||
| 020 | _a8482724487 | ||
| 040 |
_aCO-CtgCURN _bspa _ccoctgcurn |
||
| 082 | 0 |
_a346.5 _bC132 |
|
| 100 | 1 | _aCalle Lombana, Humberto de la. | |
| 245 | 1 | 3 |
_aLa inoperatividad del negocio juridico / _cHumberto de la Calle Lombana. |
| 260 |
_aBogotá : _bTemis, _c1990. |
||
| 300 | _ax, 107 p. | ||
| 336 | _2rdacontent | ||
| 337 |
_2rdamedia _asin mediacion _bn |
||
| 338 |
_2rdacarrier _avolumen _bnc |
||
| 490 | 1 |
_aMonografias juridicas ; _v69 |
|
| 500 | _aIncluye bibliografia. | ||
| 505 | 8 | _aNociones.--La ley colombiana | |
| 650 | 0 |
_aNulidad (Derecho) _zColombia. |
|
| 700 | 1 | _aColección Jorge Ortega Torres. | |
| 908 | _a160627 | ||
| 942 |
_cBK _h346.5 _iC132 _2ddc |
||
| 999 |
_c49746 _d49746 _x1 |
||